00342 a2200145 450000100060000002000150000604000240002110000240004524000360006924500310010530000070013636200090014344000130015265000310016569721 a8526041788 cAnchieta - Itaigara aRoger, Marie-Sabine10aA garrafinha de turbulãolpor10aA garrafinha de turbulão a480 a2002 1aScipione 4aLiteratura infanto-juvenil